Fábulas / (Registro nro. 3369)
[ vista simple ]
| 000 -LEADER | |
|---|---|
| fixed length control field | 00960nam a2200241Ia 4500 |
| 003 - CONTROL NUMBER IDENTIFIER | |
| control field | OSt |
| 005 - DATE AND TIME OF LATEST TRANSACTION | |
| control field | 20200413131808.0 |
| 008 - FIXED-LENGTH DATA ELEMENTS--GENERAL INFORMATION | |
| fixed length control field | 191128t2016 ck a br 000 j spa d |
| 020 ## - INTERNATIONAL STANDARD BOOK NUMBER | |
| International Standard Book Number | 9789588916606 |
| 040 ## - CATALOGING SOURCE | |
| Original cataloging agency | CO-JMCR |
| Transcribing agency | CO-JMCR |
| 041 0# - LANGUAGE CODE | |
| Language code of text/sound track or separate title | spa |
| 082 04 - DEWEY DECIMAL CLASSIFICATION NUMBER | |
| Classification number | C / |
| Item number | ESOf |
| 100 1# - MAIN ENTRY--PERSONAL NAME | |
| Personal name | Esopo, |
| Relator term | autor |
| 9 (RLIN) | 795 |
| 245 10 - TITLE STATEMENT | |
| Title | Fábulas / |
| Statement of responsibility, etc. | Esopo |
| 260 ## - PUBLICATION, DISTRIBUTION, ETC. | |
| Place of publication, distribution, etc. | [Bogotá] : |
| Name of publisher, distributor, etc. | Nika, |
| Date of publication, distribution, etc. | ©2016 |
| 300 ## - PHYSICAL DESCRIPTION | |
| Extent | 96 páginas : |
| Other physical details | ilustraciones a color ; |
| Dimensions | 24 cm. |
| 505 ## - FORMATTED CONTENTS NOTE | |
| Formatted contents note | Las ranas pidiendo rey -- la tortuga y la liebre -- La liebre y el león -- la liebre y la zorra -- la tortuga y el águila -- el hombre y el león -- el pavo real y la grulla -- la gallina de los huevos de oro -- el hombre y a hormiga |
| 520 ## - SUMMARY, ETC. | |
| Summary, etc. | Magnífica compilación de 42 de las mejores fábulas de esopo, samaniego, y la fontaine. |
| 650 14 - SUBJECT ADDED ENTRY--TOPICAL TERM | |
| Topical term or geographic name entry element | fábulas |
| 9 (RLIN) | 346 |
| 700 ## - ADDED ENTRY--PERSONAL NAME | |
| Personal name | Félix María Samaniego, |
| Relator term | autor |
| 9 (RLIN) | 2955 |
| 700 ## - ADDED ENTRY--PERSONAL NAME | |
| Personal name | Jean de la Fontaine, |
| Relator term | autor |
| 9 (RLIN) | 2956 |
| 942 ## - ADDED ENTRY ELEMENTS (KOHA) | |
| Source of classification or shelving scheme | Dewey Decimal Classification |
| Koha item type | Books |
| Withdrawn status | Lost status | Source of classification or shelving scheme | Damaged status | Not for loan | Collection code | Home library | Current library | Date acquired | Source of acquisition | Cost, normal purchase price | Total Checkouts | Total Renewals | Full call number | Barcode | Date last seen | Date last checked out | Copy number | Koha item type |
|---|---|---|---|---|---|---|---|---|---|---|---|---|---|---|---|---|---|---|
| Dewey Decimal Classification | Fiction | Biblioteca Pública José María del Castillo y Rada | Biblioteca Pública José María del Castillo y Rada | 11/28/2019 | Donación | 0.00 | 13 | 4 | C / ESOf | 201807020 | 07/26/2023 | 07/26/2023 | Ej.1 | Books |